| 000 | 01766njm a2200433 c 4500 | ||
|---|---|---|---|
| 003 | BLK | ||
| 005 | 20250128005543.0 | ||
| 008 | 180410b bul||n||s|||||||| n|bulo| | ||
| 010 | _aCDD00000489000 | ||
| 040 | _aBLK | ||
| 041 |
_aDEU _cDEU |
||
| 080 |
_aСонати за пиано _b786.2.082.2 _x _z786.2.082.2 |
||
| 100 |
_aМоцарт, Волфганг Амадеус _d1756 - 1791 _9368558 |
||
| 700 |
_aMozart, Wolfgang Amadeus _d1756 - 1791 _9386874 |
||
| 700 | 1 |
_aBarenboim, Daniel _eпиано _94462 |
|
| 139 |
_aМоцарт, Волфганг Амадеус _bМ 93 |
||
| 245 | 1 | 0 |
_aThe Complete Piano Sonatas And Variations [CD аудио] _bCD 1-8 _cВолфганг Амадеус Моцарт; * Wolfgang Amadeus Mozart; пиано Daniel Barenboim. _nCD 8 |
| 246 | 1 | 1 | _aDie samtlichen Klaviersonaten und Variationen |
| 257 | _aDEU | ||
| 260 |
_аS. l. _bEMI Classics _c2000 |
||
| 300 |
_c12 cm. _fбр. в к-т _g1 CD |
||
| 380 | _a7 | ||
| 505 |
_gK455 _tVariations on les hommes pieusement from La rencontre imprevue by Gluck |
||
| 505 |
_gK500 _tVariations on a Original Theme |
||
| 505 |
_gK54(547b) _tVariations on an Original Theme |
||
| 505 |
_gK573 _tVariations on a Minuet by J.P.Duport |
||
| 505 |
_gK613 _tVariations on Ein Weib ist das herrlichste Ding by B.Schanck from Schikaneder's Der dumme Gartner |
||
| 650 | 0 |
_aПиано - сонати, сонатини _9277457 |
|
| 653 | _aпиано | ||
| 653 | _aсонати | ||
| 653 | _aвариации | ||
| 760 | 1 |
_aМоцарт, Волфганг Амадеус _h64мин. 30сек. _tCD 8 |
|
| 852 |
_aЦб CD 1948 _p5 |
||
| 856 | 4 |
_qpdf _u |
|
| 856 | 4 |
_qpdf _u |
|
| 942 |
_cCDD _n0 |
||
| 944 |
_aCR _c23.10.2008 _k _lCRON CRON |
||
| 944 |
_aED _c23.10.2008 _k |
||
| 999 |
_c216558 _d216558 |
||